All Laufey songs - Statistics

General Stats
  • This quiz has been taken 47 times
  • The average score is 43 of 84
Answer Stats
Hint Answer % Correct
A Matter Of Time Lover Girl
95%
Bewitched From The Start
89%
Bewitched: The Goddess Edition Goddess
89%
A Matter Of Time Clockwork
84%
A Matter Of Time: The Final Hour Madwoman
84%
A Matter Of Time Castle In Hollywood
79%
Bewitched Bewitched
74%
Single Bewitched - Reworked
74%
Bewitched: The Goddess Edition Bored
74%
Bewitched Dreamer
74%
A Matter Of Time: The Final Hour How I Get
74%
Bewitched Letter To My 13 Year Old Self
74%
Featured on Letter To My 13 Year Old Self (With Laufey)
74%
Typical Of Me Magnolia
74%
A Matter Of Time Snow White
74%
A Matter Of Time Carousel
68%
A Matter Of Time Clean Air
68%
Everything I Know About Love Everything I Know About Love
68%
Single Let You Break My Heart Again
68%
Bewitched Lovesick
68%
A Matter Of Time Mr. Eclectic
68%
Bewitched Promise
68%
A Matter Of Time Sabotage
68%
A Very Laufey Holiday Santa Baby
68%
A Matter Of Time Silver Lining
68%
A Matter Of Time Tough Luck
68%
Everything I Know About Love Above The Chinese Restaurant
63%
Bewitched California and Me
63%
Everything I Know About Love Falling Behind
63%
A Matter Of Time Forget-Me-Not
63%
Everything I Know About Love Fragile
63%
Bewitched Misty
63%
A Matter Of Time Too Little, Too Late
63%
A Very Laufey Holiday Winter Wonderland
63%
Single A Night To Remember
58%
A Matter Of Time Cuckoo Ballet - Interlude
58%
Bewitched Haunted
58%
Typical Of Me James
58%
Bewitched Serendipity
58%
Everything I Know About Love Beautiful Stranger
53%
Typical Of Me Best Friend
53%
Typical Of Me I Wish You Love
53%
Everything I Know About Love Night Light
53%
Everything I Know About Love Valentine
53%
Everything I Know About Love Just Like Chet
47%
Typical Of Me Like The Movies
47%
Bewitched Second Best
47%
Typical Of Me Street By Street
47%
Bewitched: The Goddess Edition Trouble
47%
A Matter Of Time A Cautionary Tale
42%
Everything I Know About Love Dear Soulmate
42%
Everything I Know About Love Hi
42%
Bewitched: The Goddess Edition It Could Happen To You
42%
A Very Laufey Holiday Love To Keep Me Warm
42%
Everything I Know About Love Lucky For Me
42%
Everything I Know About Love Questions For The Universe
42%
A Matter Of Time Seems Like Old Times - Bonus Track
42%
Everything I Know About Love Slow Down
42%
Bewitched While You Were Sleeping
42%
A Very Laufey Holiday Christmas Dreaming
37%
Everything I Know About Love Dance With You Tonight
37%
Bewitched Nocturne (Interlude)
37%
Typical Of Me Someone New
37%
Everything I Know About Love What Love Will Do To You
37%
Everything I Know About Love I've Never Been In Love Before
32%
A Matter Of Time: The Final Hour I Wait, I Wait, I Wait
32%
Bewitched Must Be Love
32%
A Very Laufey Holiday Santa Claus Is Comin' To Town
32%
A Very Laufey Holiday The Christmas Waltz
32%
Single Where Or When
32%
A Very Laufey Holiday Christmas Magic
26%
Featured on Ain't Christmas (With Laufey)
21%
A Matter Of Time: The Final Hour I'll Forget About You (In Time)
21%
Single Love Flew Away
21%
Featured on The Longest Goodbye (feat. Laufey)
21%
A Night At The Symphony The Nearness Of You
21%
A Big Beautiful Journey Soundtrack The Risk
21%
Christmas With You Better Than Snow
16%
A Night At The Symphony Everytime We Say Goodbye
16%
Christmas With You Have Yourself A Merry Little Christmas
16%
Featured on No One Knows (With Laufey)
16%
A Big Beautiful Journey Soundtrack But Beautiful
11%
A Night At The Symphony Ég Veit Þú Kemur
11%
A Big Beautiful Journey Soundtrack Lets Dream In The Moonlight - Take 1
11%
No matching quizzes found
Score Distribution
Percent of People with Each Score
Percentile by Number Answered
Your Score History
You have not taken this quiz